000 00669nam a22001937a 4500
999 _c183659
_d183659
005 20220121152358.0
010 _aENG-130798
020 _a978-93-89949-69-8
035 _aEN-114330
037 _bDBAD
082 _a657.046
100 _aSharma, Parveen
245 _aProblems and Solutions in ADVANCED ACCOUNTING:
_bFor CA Intermediate/
_cParveen Sharma and Kapileshwar Bhalla
260 _aChennai
_bMcGraw Hill Education Private Limited
_c2020
270 _a444/1, Sri Ekambara Naicker Industrial Estate, Alapakkam, Porur
_bChennai
_e600116
300 _a834p.
_c25cm(pbk)
700 _aBhalla, Kapileshwar
942 _2ddc
_cEN
_h657.046
_mSHA